中国土家族比例超过20%的县级行政区 - Statistics

General Stats
  • This quiz has been taken 16 times
  • The average score is 20 of 31
Answer Stats
省级 地级 县级 比例 % Correct
湖北 恩施 恩施市 38.30%
91%
重庆 重庆 黔江区 57.58%
82%
湖北 恩施 利川市 52.43%
82%
湖北 恩施 巴东县 50.16%
82%
湖南 湘西 吉首市 35.75%
82%
湖南 湘西 凤凰县 20.42%
82%
重庆 重庆 酉阳土家族苗族自治县 81.26%
82%
湖南 张家界 武陵源区 86.69%
73%
湖北 恩施 咸丰县 74.57%
73%
湖北 宜昌 五峰土家族自治县 84.58%
73%
湖北 宜昌 长阳土家族自治县 65.04%
73%
湖南 张家界 永定区 78.00%
64%
湖南 张家界 桑植县 64.31%
64%
湖南 张家界 慈利县 58.42%
64%
湖北 恩施 来凤县 34.35%
64%
贵州 铜仁 思南县 28.34%
64%
贵州 铜仁 沿河土家族自治县 90.08%
64%
重庆 重庆 石柱土家族自治县 77.93%
64%
贵州 铜仁 印江土家族苗族自治县 72.05%
64%
湖南 湘西 龙山县 54.70%
55%
湖北 恩施 宣恩县 42.47%
55%
湖南 湘西 古丈县 41.62%
55%
湖北 恩施 建始县 35.05%
55%
贵州 铜仁 铜仁市 22.61%
55%
重庆 重庆 秀山土家族苗族自治县 42.61%
55%
湖南 湘西 永顺县 81.64%
45%
湖北 恩施 鹤峰县 69.04%
45%
湖南 湘西 保靖县 59.45%
45%
湖南 常德 石门县 54.59%
45%
贵州 铜仁 江口县 39.68%
45%
贵州 铜仁 德江县 83.96%
36%
No matching quizzes found
Score Distribution
Percent of People with Each Score
Percentile by Number Answered
Your Score History
You have not taken this quiz